000 01351nam a22003857a 4500
003 CHAP
005 20220329140619.0
008 971013s1977 r 00010 d
010 _a54767
011 _a55739
035 _a59891
040 _cCHAP
090 _aTesis
100 0 0 _aSilva, Adelardo de Souza.
_9106059
245 _aManejo del agua de riego bajo diferentes métodos de labranza en maíz (Zea mays L.)
260 _aChapingo, Méx. :
_bEl autor,
_c1977
300 _a232 h.
_b; gráfs.
502 _aTesis (M. C. Esp. en Riego y Drenaje) -- ENA. Colegio de Postgraduados. Rama de Riego y Drenaje
590 _aALEPH
_b10
_c20130110
_lUCH01
_h1332
590 _aBATCH-UPD
_b10
_c20130110
_lUCH01
_h0303
590 _aBATCH-UPD
_b10
_c20130110
_lUCH01
_h1656
590 _aBATCH-UPD
_b10
_c20130409
_lUCH01
_h2334
590 _aBATCH-UPD
_b10
_c20130410
_lUCH01
_h1539
590 _aBATCH-UPD
_b10
_c20130914
_lUCH01
_h1658
590 _aCONVERSION
_b10
_c20130109
_lUCH01
_h1330
650 1 4 _aAgua para irrigacion.
_92430
650 1 4 _aIrrigación
_xModelos matemáticos.
_960431
650 1 4 _aLabranza.
_964303
650 1 4 _aMaíz
_xIrrigación.
_970998
901 _aBK
942 _cFOLL
949 _bBC
_cTES
_d-129352
_eTS1
_i59891
_si
949 _bBC
_cTES
_d-129353
_eTS2
_fc.2
_i59891
_si
949 _bBC
_cTES
_d-129354
_eTS2
_fc.3
_i59891
_si
999 _c54767
_d54767